000 00790cam a22002174a 4500
005 20250605164246.0
008 250528s ||||||||||||||||||||||||d
035 _a21497
020 _a9780471364474
040 _aGR-AtMCL
_bgre
_dGR-AtMCL
_eAACR2
245 1 _aINTERNATIONAL ECONOMICS
250 _a7
260 _bWiley,
_c2001
300 _a831
505 0 _aINTERNATIONAL TRADE THEORY INTERNATIONAL TRADE POLICY BALANCE OF PAYMENTS AND EXCHANGE RATES OPEN-ECONOMY MACROECONOMIC AND THE INTERNATIONAL MONETARY SYSTEM
520 _aINTERNATIONAL TRADE THEORY INTERNATIONAL TRADE POLICY BALANCE OF PAYMENTS AND EXCHANGE RATES OPEN-ECONOMY MACROECONOMIC AND THE INTERNATIONAL MONETARY SYSTEM
700 1 _aSalvatore Dominick
_94
942 _cBK
999 _c6559
_d6559